Landen grenzend aan Turkije - Statistieken

Algemene statistieken
  • Deze quiz is 63 keer genomen
  • De gemiddelde score is 6 van 8
Antwoorden op de kaart
Antwoorden kleurgecodeerd door een groen-rode schaal op de quizkaart volgens % correct hieronder.
 
Antwoordstatistieken
grens lengte land % Correct
206 km Griekenland
85%
499 km Iran
85%
822 km Syrië
85%
311 km Irak
83%
240 km Bulgarije
79%
268 km Armenië
70%
252 km Georgië
70%
9 km Azerbeidzjan
68%
Geen overeenkomende quizzen gevonden
Scoreverdeling
Procent van Mensen met Elke Score
Percentiel versus Aantal Correcte Antwoorden
Uw Scoregeschiedenis
U heeft deze quiz nog niet genomen